000 00863nam a2200229 a 4500
001 71734
003 BD-RjUL
005 20211209082144.0
008 170507s1991 bg |||| |||| 000 0 ben d
020 _c: Tk. 90.00
035 _a(BD-RjUL)71950
040 _aBD-RjUL
_bben
_cBD-RjUL
_dBD-RjUL
041 _aben
082 _223
_a801.950904
_bJEB 1991
100 1 _aজেফারসন, অ্যান
_9212229
245 1 _aবিশ শতকের সাহিত্যত্ত্ব /
_cঅ্যান জেফারসন .. [অন্যান]
260 _aঢাকা :
_bবাংলা একাডেমী,
_c১৯৯১ [১৩৯৭]
300 _a৩৫৬ পৃ. ;
_c২৭ সেমি.
650 _aসাহিত্য
_x দর্শনশাস্ত্র
_9212230
650 _aLiterature
_xPhilosophy
_9137196
942 _2ddc
_cBK
999 _c71734
_d71734